01868nam a2200229 a 450000500170000000800410001704000740005804100080013204400070014010000270014724501100017426000490028430000100033352011220034365000270146565000170149265000120150965000130152165000450153465000290157970000300160820141128164819.0140124b2005 ck ||||| |||| 00| 0 spa d cEstablecimientos y evaluación de herramientas de manejo del paisaje aspa ack aArcila, Angela María aImpacto e historia de la introducción de la hormiga loca (Paratrechina fulva) a Colombiabinforme final aCalibInstituto Alexander von Humboldtc2005 a91 p. aDespués de la pérdida de hábitat, las invasiones biológicas se consideran la segunda causa más importante de pérdida de biodiversidad en el mundo. Las hormigas invasoras conforman un subconjunto de por lo menos 150 especies. Este estudio de la hormiga loca, originaria de Brasil e introducida en Colombia hace más de 30 años, pretende recopilar información sobre la especie en Brasil y otros países, sobre su biología, documentar la historia de su introducción en Colombia y su avance en el territorio, construir una base de datos de localidades georreferenciadas donde se registra su presencia y de información bibliográfica, construir mapas de distribución y dispersión en el país, identificar los sistemas con mayor frecuencia de invasión, conocer los impactos ecológicos y económicos sobre los ecosistemas nativos y agroecosistemas, identificar factores bióticos y abióticos, recopilar información sobre manejo y control de la especie y evaluar la densidad de población actual de la hormiga mediante muestreos en Valle del Cauca, Cauca, Caldas, Santander y Boyacá aInvasores biológicos aHormiga loca aImpacto aHistoria aBúsqueda y análisis de información aMonitoreo de poblaciones aQuintero, María Paulina